000 00291nam a22001337a 4500
008 180926b xxu||||| |||| 00| 0 eng d
020 _a9780071387651
041 _aeng
080 _a611
100 _a6
101 _aANA
245 _aPulmary Physiology
_cLevitzky.M.G
942 _2udc
_cBK
999 _c48503
_d48503